000 00351 a2200157 4500
001 194412
020 _a978-85-08-08177-6
040 _cMagnum
100 _aDupré, Maria José
240 1 0 _aA montanha encantada
_lpor
245 1 0 _aA montanha encantada
300 _a128
362 0 _a2000
697 _aLITERATURA INFANTO-JUVENIL
942 _cBK
999 _c194412
_d194412